|
|
|
|
| LEADER |
00582cam a2200181 7i4500 |
| 001 |
0000068288 |
| 005 |
20091117090000.0 |
| 008 |
090617s2007 enka b 001 0 eng |
| 020 |
# |
0 |
|a 0521709792 (pbk.)
|
| 020 |
# |
0 |
|a 9780521709798 (pbk.)
|
| 090 |
0 |
0 |
|a QA 403.5
|b .K3 2007
|
| 100 |
1 |
# |
|a Kammler, David W.
|
| 245 |
1 |
2 |
|a A first course in fourier analysis
|c David W. Kammler.
|
| 250 |
# |
# |
|a Rev. ed..
|
| 260 |
# |
# |
|a Cambridge:
|b Cambridge University Press,
|c 2007.
|
| 300 |
# |
# |
|a xvii, 798 p.:
|b ill.;
|c 25 cm..
|
| 650 |
0 |
0 |
|a Fourier analysis
|
| 999 |
|
|
|a 1100065654
|b Book
|c Open Shelf
|e KOLEKSI TERBUKA
|